书目信息 |
| 题名: |
李宗仁家事
|
|
| 作者: | 杨树标 , 何王芳 , 李灵革 著 | |
| 分册: | ||
| 出版信息: | 南昌 江西人民出版社 2007.04 |
|
| 页数: | 271页 | |
| 开本: | 23cm | |
| 丛书名: | ||
| 单 册: | ||
| 中图分类: | K827=72 | |
| 科图分类: | ||
| 主题词: | ||
| 电子资源: | ||
| ISBN: | 978-7-210-03552-7 | |
| 000 | 01004nam0 2200265 450 | |
| 001 | 012008932562 | |
| 005 | 20080626150319.64 | |
| 010 | @a978-7-210-03552-7@dCNY29.00 | |
| 100 | @a20080626d2007 em y0chi0120 ea | |
| 101 | 0 | @achi |
| 102 | @aCN@b360000 | |
| 105 | @aac a 000yb | |
| 106 | @ar | |
| 200 | 1 | @a李宗仁家事@Ali zong ren jia shi@f杨树标, 何王芳, 李灵革著@Fyang shu biao,he wang fang,li ling ge zhu |
| 210 | @a南昌@c江西人民出版社@d2007.04 | |
| 215 | @a271页@c图, 肖像@d23cm | |
| 320 | @a有书目 (第269-271页) | |
| 330 | @a本书以通俗的语言,生动的情节,为你讲述李宗仁将军的传奇一生。传说李宗仁的先祖是秦始皇麾下的将军,原系甘肃西部人,受始皇帝的遣派开凿灵渠,沟通湘漓二水系,工程竣工后解甲到临桂县两江镇定居务农。 | |
| 600 | 0 | @a李宗仁,@Ali zong ren@f1891-1969@x生平事迹 |
| 690 | @aK827=72@v4 | |
| 701 | 0 | @a杨树标@Ayang shu biao@4著 |
| 701 | 0 | @a何王芳@Ahe wang fang@4著 |
| 701 | 0 | @a李灵革@Ali ling ge@4著 |
| 801 | 0 | @aCN@bQSSK@c20080626 |
| 905 | @b729971-73@dK827=72@eL345@f3 | |
| 李宗仁家事/杨树标, 何王芳, 李灵革著.-南昌:江西人民出版社,2007.04 |
| 271页:图, 肖像;23cm |
| ISBN 978-7-210-03552-7:CNY29.00 |
| 本书以通俗的语言,生动的情节,为你讲述李宗仁将军的传奇一生。传说李宗仁的先祖是秦始皇麾下的将军,原系甘肃西部人,受始皇帝的遣派开凿灵渠,沟通湘漓二水系,工程竣工后解甲到临桂县两江镇定居务农。 |
| ● |
| 相关链接 |
|
|
|
正题名:李宗仁家事
索取号:K827=72/L345
 
预约/预借
| 序号 | 登录号 | 条形码 | 馆藏地/架位号 | 状态 | 备注 |
| 1 | 729971 | 207299715 | 社科库309/309社科库 59排2列2层/ [索取号:K827=72/L345] | 在馆 | |
| 2 | 729972 | 207299724 | 社科库309/309社科库 59排2列2层/ [索取号:K827=72/L345] | 在馆 | |
| 3 | 729973 | 207299733 | 社科库309/309社科库 59排2列2层/ [索取号:K827=72/L345] | 在馆 |